Why did Japan stumble? : causes and cures /

"In this book, leading commentators on the Japanese economy analyse both the immediate and deep-seated causes that make a sustained economic recovery in Japan problematic. They debate the deep-rooted structural causes of Japan's decline and assess Japan's faltering financial system be...

وصف كامل

محفوظ في:
التفاصيل البيبلوغرافية
مؤلفون آخرون: Freedman, Craig, 1950-
التنسيق: كتاب
منشور في: Cheltenham : Edward Elgar, c1999.
الموضوعات:
الوسوم: إضافة وسم
لا توجد وسوم, كن أول من يضع وسما على هذه التسجيلة!

MARC

LEADER 00000cam a22000004a 4500
020 |a 1858988349  |c TZS 20,000/= 
040 |a MUL  |b eng  |e AACR 
082 0 0 |a 338.951 WHY 
245 0 0 |a Why did Japan stumble? :  |b causes and cures /  |c edited by Craig Freedman. 
260 |a Cheltenham :  |b Edward Elgar,  |c c1999. 
300 |a xi, 236 p. :  |b ill. ;  |c 24 cm. 
500 |a "In association with the Centre for Japanese Economic Studies, Macquarie University, Australia." 
504 |a Includes bibliographical references and index. 
505 |a 1. The catatonic economy / Craig Freedman pt. I. Future Directions. 2. Why do I expect Japan to collapse? / Michio Morishima. Rumination on Morishima / Hugh Patrick. Reply to Patrick / Michio Morishima. 3. Declining population, the size of the government and the burden of public debt: some economic policy issues in Japan / Ryutaro Komiya. Comment on Komiya / Mitsuaki Okabe. 4. Japan's business culture and society / Kyoko Sheridan. Comment on Sheridan / Peter Drysdale. Reply to Drysdale / Kyoko Sheridan pt. II. Current Problems. 5. Why has the Japanese economy been stumbling for so long? / Masaru Yoshitomi. 6. Empirical determinants of banking crises: Japan's experience in international perspective / Michael Hutchison, Kathleen McDill and Rita Madrassy. Comment on Hutchison, McDill and Madrassy / Eileen Mauskopf. Reply to Mauskopf / Michael Hutchison. 7. Crisis? What crisis? The policy response to Japan's banking crisis / Jenny Corbett. Comment on Corbett / Takatoshi Ito 
520 |a "In this book, leading commentators on the Japanese economy analyse both the immediate and deep-seated causes that make a sustained economic recovery in Japan problematic. They debate the deep-rooted structural causes of Japan's decline and assess Japan's faltering financial system before prescribing policies to abate the continuing crisis."--BOOK JACKET. "This volume will be of interest to scholars of Japanese studies, financial economics and international economics as well as to anyone with an interest in the current Japanese crisis."--Jacket 
546 |a eng 
650 0 |a Banks and banking  |z Japan. 
650 0 |a Economic history 
650 0 |a Economic policy 
700 1 |a Freedman, Craig,  |d 1950- 
942 |c BK 
999 |c 8897  |d 8897